| 000 | 00817nam a2200229Ia 4500 | ||
|---|---|---|---|
| 003 | GCL | ||
| 008 | 140319s9999 xx 000 0 ara d | ||
| 040 |
_aGCL / _cGCL |
||
| 082 | 0 | 4 |
_aق _b709.01 _bا ف |
| 100 | 1 | _aالدريد ، سيريل \\=aمحمود ماهر طهv | |
| 245 | 1 | 0 |
_aالفن المصرى القديم / _cالدريد ، سيريل |
| 700 | 1 | _aاحمد زهير امين | |
| 260 |
_aالقاهرة : _bهيئة الاثار المصرية ، _c1990 |
||
| 300 |
_a356 ص ؛ _c24 سم |
||
| 490 |
_aسلسلة الثقافة الاثرية والتاريخية _v13 |
||
| 650 | 0 | 4 | _aمصر القديمة |
| 650 | 0 | 4 | _aالاثار الفرعونية |
| 650 | 0 | 4 | _aالفن المصرى القديم |
| 650 | 0 | 4 | _aعلم المصريات |
| 650 | 0 | 4 | _aالعمارة |
| 942 |
_2ddc _cBK |
||
| 999 |
_c52930 _d52930 |
||